000 002590000a22000970004500
100 1 _aRivera Velázquez, Melvin
245 1 0 _aLa paz que todos buscamos
300 _aVol. 46, Núm 198 (1991), Páginas 10-11
773 0 _tLa Biblia de las Américas
942 _cANA
999 _c51333
_d51333